DPH - povinnosti osôb povinných platiť daň diplomová práca

Saved in:
Bibliographic Details
Main Author: Slaninková, Zuzana
Corporate Author: Podnikovohospodárska fakulta EU so sídlom v Košiciach. Katedra účtovníctva a financií
Other Authors: Zoričáková, Viera, 1960-
Format: Book
Language:Slovak
Published: Košice 2010
Tags: Add Tag
No Tags, Be the first to tag this record!

MARC

LEADER 00000nam$a2200000$$$4500
001 0122293
005 20240318122002.6
041 0 |a slo 
044 |a SK 
245 1 0 |a DPH - povinnosti osôb povinných platiť daň  |b diplomová práca  |c Zuzana Slaninková ; škol. Viera Zoričáková 
264 1 |a Košice  |c 2010 
300 |a 72 s. 
100 1 |a Slaninková, Zuzana 
700 1 |a Zoričáková, Viera, 1960- 
710 2 |a Podnikovohospodárska fakulta EU so sídlom v Košiciach. Katedra účtovníctva a financií